书目信息 |
| 题名: |
公路工程地基处理手册
|
|
| 作者: | 黄生文 编著 | |
| 分册: | ||
| 出版信息: | 北京 人民交通出版社 2005.07 |
|
| 页数: | 659页 | |
| 开本: | 26cm | |
| 丛书名: | ||
| 单 册: | ||
| 中图分类: | U416.1-62 | |
| 科图分类: | ||
| 主题词: | 道路工程--dao lu gong cheng--地基处理--手册 | |
| 电子资源: | ||
| ISBN: | 7-114-05587-0 | |
| 000 | 01005nam0 2200229 450 | |
| 001 | 010210288218 | |
| 005 | 20051219110938.76 | |
| 010 | @a7-114-05587-0@b精装@dCNY75.00 | |
| 100 | @a20050926d2005 km y0chiy0120 ea | |
| 101 | 0 | @achi |
| 102 | @aCN@b110000 | |
| 105 | @ay z 000yy | |
| 200 | 1 | @a公路工程地基处理手册@Agong lu gong cheng di ji chu li shou ce@d= Highway Engineering Subsoil & Foundation Handling Handbook@f黄生文编著@Fhuang sheng wen bian zhu@zeng |
| 210 | @a北京@c人民交通出版社@d2005.07 | |
| 215 | @a659页@d26cm | |
| 330 | @a本书从软土、湿陷性黄土、岩溶与红粘土、膨胀土、冻土、采空区地基、崩塌与滑坡7个方面论述了处于这些条件下的公路工程问题、不良岩土工程性质、改良加固措施及相应的设计施工方法,并附有工程实例。 | |
| 510 | 1 | @aHighway Engineering Subsoil & Foundation Handling Handbook@zeng |
| 606 | 0 | @a道路工程@Adao lu gong cheng@x地基处理@x手册 |
| 690 | @aU416.1-62@v4 | |
| 701 | 0 | @a黄生文@Ahuang sheng wen@4编著 |
| 801 | 0 | @aCN@bQSSK@c20051219 |
| 905 | @a10447@dU416.1-62@eH887 | |
| 公路工程地基处理手册= Highway Engineering Subsoil & Foundation Handling Handbook/黄生文编著.-北京:人民交通出版社,2005.07 |
| 659页;26cm |
| ISBN 7-114-05587-0(精装):CNY75.00 |
| 本书从软土、湿陷性黄土、岩溶与红粘土、膨胀土、冻土、采空区地基、崩塌与滑坡7个方面论述了处于这些条件下的公路工程问题、不良岩土工程性质、改良加固措施及相应的设计施工方法,并附有工程实例。 |
| ● |
| 相关链接 |
|
|
|
正题名:公路工程地基处理手册
索取号:U416.1-62/H887
 
预约/预借
| 序号 | 登录号 | 条形码 | 馆藏地/架位号 | 状态 | 备注 |
| 1 | 578856 | 205788566 | 自科库501/501自科库 53排2列2层/ [索取号:U416.1-62/H887] | 在馆 | |
| 2 | 578857 | 205788575 | 自科库501/501自科库 53排2列2层/ [索取号:U416.1-62/H887] | 在馆 | |
| 3 | 578858 | 205788584 | 自科库501/501自科库 53排2列2层/ [索取号:U416.1-62/H887] | 在馆 |